<?xml version="1.0" encoding="UTF-8"?>
<record
    xmlns:xsi="http://www.w3.org/2001/XMLSchema-instance"
    xsi:schemaLocation="http://www.loc.gov/MARC21/slim http://www.loc.gov/standards/marcxml/schema/MARC21slim.xsd"
    xmlns="http://www.loc.gov/MARC21/slim">

  <leader>02499nam a2200373 i 4500</leader>
  <controlfield tag="003">CO-MdUADB</controlfield>
  <controlfield tag="005">20260406140659.0</controlfield>
  <controlfield tag="007">ta</controlfield>
  <controlfield tag="008">241105s2024    ck ado|fr|||| 00| 0dspa d</controlfield>
  <datafield tag="020" ind1=" " ind2=" ">
    <subfield code="a">9585011956</subfield>
    <subfield code="q">ISBN-10</subfield>
  </datafield>
  <datafield tag="020" ind1=" " ind2=" ">
    <subfield code="a">9789585011953</subfield>
    <subfield code="q">ISBN-13</subfield>
  </datafield>
  <datafield tag="040" ind1=" " ind2=" ">
    <subfield code="a">CO-MdUADB</subfield>
    <subfield code="b">spa</subfield>
    <subfield code="c">CO-MdUADB</subfield>
    <subfield code="e">rda</subfield>
  </datafield>
  <datafield tag="041" ind1="0" ind2=" ">
    <subfield code="a">spa</subfield>
  </datafield>
  <datafield tag="082" ind1="0" ind2="4">
    <subfield code="a">521</subfield>
  </datafield>
  <datafield tag="100" ind1="1" ind2=" ">
    <subfield code="a">Zuluaga Callejas, Jorge Iv&#xE1;n</subfield>
    <subfield code="9">463861</subfield>
    <subfield code="e">aut</subfield>
  </datafield>
  <datafield tag="245" ind1="1" ind2="0">
    <subfield code="a">Mec&#xE1;nica celeste : </subfield>
    <subfield code="b">teor&#xED;a, algoritmos y problemas /</subfield>
    <subfield code="c">Jorge I. Zuluaga</subfield>
  </datafield>
  <datafield tag="250" ind1=" " ind2=" ">
    <subfield code="a">1.&#xAA; edici&#xF3;n</subfield>
  </datafield>
  <datafield tag="264" ind1=" " ind2="1">
    <subfield code="a">Medell&#xED;n :</subfield>
    <subfield code="b">Editorial Universidad de Antioquia, </subfield>
    <subfield code="c">2024</subfield>
  </datafield>
  <datafield tag="300" ind1=" " ind2=" ">
    <subfield code="a">xlvi, 611 p&#xE1;ginas :</subfield>
    <subfield code="b">ilustraciones, gr&#xE1;ficas, fotograf&#xED;as, tablas</subfield>
  </datafield>
  <datafield tag="336" ind1=" " ind2=" ">
    <subfield code="2">rdacontent</subfield>
    <subfield code="a">texto</subfield>
    <subfield code="b">txt</subfield>
  </datafield>
  <datafield tag="337" ind1=" " ind2=" ">
    <subfield code="a">no mediado</subfield>
  </datafield>
  <datafield tag="338" ind1=" " ind2=" ">
    <subfield code="a">volumen</subfield>
  </datafield>
  <datafield tag="490" ind1="1" ind2=" ">
    <subfield code="a">Ciencia y Tecnolog&#xED;a </subfield>
  </datafield>
  <datafield tag="505" ind1="2" ind2="0">
    <subfield code="t">Prefacio --</subfield>
    <subfield code="t">Introducci&#xF3;n -- </subfield>
    <subfield code="t">1. Fundamentos matem&#xE1;ticos y f&#xED;sicos --</subfield>
    <subfield code="t">2. El problema de los N cuerpos --</subfield>
    <subfield code="t">3. El problema de los dos cuerpos --</subfield>
    <subfield code="t">4. El problema restringido de los tres cuerpos --</subfield>
    <subfield code="t">5. El formalismo lagrangiano y la mec&#xE1;nica celeste --</subfield>
    <subfield code="t">6. El formalismo hamiltoniano y la mec&#xE1;nica celeste --</subfield>
    <subfield code="t">Ap&#xE9;ndice. Algoritmos y rutinas &#xFA;tiles --

</subfield>
    <subfield code="t">Bibliograf&#xED;a </subfield>
  </datafield>
  <datafield tag="520" ind1="3" ind2=" ">
    <subfield code="a">Presenta una visi&#xF3;n panor&#xE1;mica de la mec&#xE1;nica celeste &#x2014;la ciencia del movimiento de los planetas y los veh&#xED;culos espaciales&#x2014; y en general de la mec&#xE1;nica anal&#xED;tica o mec&#xE1;nica cl&#xE1;sica, que se desarroll&#xF3; de forma paralela a la primera, inspirada, en muchos casos, en problemas astron&#xF3;micos. El texto se dirige a quienes, por su formaci&#xF3;n o trabajo, est&#xE1;n interesados en la aplicaci&#xF3;n de la mec&#xE1;nica celeste en astronom&#xED;a o en ciencias espaciales. Su extensi&#xF3;n, &#xE9;nfasis y nivel de profundidad lo hacen adecuado para estudiantes de pregrado de cualquier programa cient&#xED;fico o t&#xE9;cnico, especialmente de astronom&#xED;a, f&#xED;sica o ingenier&#xED;a aeroespacial. Su enfoque computacional permite que adem&#xE1;s pueda ser usado como material de referencia en temas de programaci&#xF3;n aplicada para profesionales de estas y otras disciplinas. (Tomado de la cubierta)</subfield>
  </datafield>
  <datafield tag="650" ind1=" " ind2="7">
    <subfield code="2">lemb</subfield>
    <subfield code="a">Mec&#xE1;nica celeste</subfield>
    <subfield code="9">3929</subfield>
  </datafield>
  <datafield tag="650" ind1=" " ind2="7">
    <subfield code="2">lemb</subfield>
    <subfield code="9">4098</subfield>
    <subfield code="a">F&#xED;sica</subfield>
    <subfield code="v">Problemas, ejercicios, etc.</subfield>
  </datafield>
  <datafield tag="650" ind1=" " ind2="7">
    <subfield code="2">lemb</subfield>
    <subfield code="9">177186</subfield>
    <subfield code="a">Sistemas de Hamilton</subfield>
  </datafield>
  <datafield tag="650" ind1=" " ind2="7">
    <subfield code="2">lemb</subfield>
    <subfield code="9">214516</subfield>
    <subfield code="a">Ecuaciones de Hamilton-Jacobi</subfield>
  </datafield>
  <datafield tag="653" ind1=" " ind2=" ">
    <subfield code="a">Ecuaciones de Lagrange</subfield>
  </datafield>
  <datafield tag="830" ind1=" " ind2="0">
    <subfield code="9">858460</subfield>
    <subfield code="a">Ciencia y Tecnolog&#xED;a (Editorial Universidad de Antioquia)</subfield>
  </datafield>
  <datafield tag="942" ind1=" " ind2=" ">
    <subfield code="c">BOOK</subfield>
    <subfield code="2">ddc</subfield>
  </datafield>
  <datafield tag="999" ind1=" " ind2=" ">
    <subfield code="c">860590</subfield>
    <subfield code="d">860590</subfield>
  </datafield>
  <datafield tag="952" ind1=" " ind2=" ">
    <subfield code="0">0</subfield>
    <subfield code="1">0</subfield>
    <subfield code="2">ddc</subfield>
    <subfield code="4">0</subfield>
    <subfield code="7">0</subfield>
    <subfield code="8">GEN</subfield>
    <subfield code="a">BC</subfield>
    <subfield code="b">BC</subfield>
    <subfield code="d">2026-02-13</subfield>
    <subfield code="e">material adquirido por donaci&#xF3;n</subfield>
    <subfield code="f">DONA</subfield>
    <subfield code="g">135000.00</subfield>
    <subfield code="l">6</subfield>
    <subfield code="m">1</subfield>
    <subfield code="o">521 Z94 e2</subfield>
    <subfield code="p">01108251</subfield>
    <subfield code="q">2026-06-10</subfield>
    <subfield code="r">2026-05-07 14:48:52</subfield>
    <subfield code="s">2026-05-07</subfield>
    <subfield code="w">2024-10-08</subfield>
    <subfield code="y">BOOK</subfield>
  </datafield>
  <datafield tag="952" ind1=" " ind2=" ">
    <subfield code="0">0</subfield>
    <subfield code="1">0</subfield>
    <subfield code="2">ddc</subfield>
    <subfield code="4">0</subfield>
    <subfield code="7">0</subfield>
    <subfield code="8">GEN</subfield>
    <subfield code="a">BC</subfield>
    <subfield code="b">BC</subfield>
    <subfield code="d">2024-10-08</subfield>
    <subfield code="e">material adquirido por donaci&#xF3;n</subfield>
    <subfield code="f">DONA</subfield>
    <subfield code="g">135000.00</subfield>
    <subfield code="l">6</subfield>
    <subfield code="m">1</subfield>
    <subfield code="o">521 Z94</subfield>
    <subfield code="p">01107341</subfield>
    <subfield code="q">2026-06-24</subfield>
    <subfield code="r">2026-05-06 17:47:23</subfield>
    <subfield code="s">2026-05-06</subfield>
    <subfield code="w">2024-10-08</subfield>
    <subfield code="y">BOOK</subfield>
  </datafield>
  <datafield tag="952" ind1=" " ind2=" ">
    <subfield code="0">0</subfield>
    <subfield code="1">0</subfield>
    <subfield code="2">ddc</subfield>
    <subfield code="4">0</subfield>
    <subfield code="7">0</subfield>
    <subfield code="8">GENERAL</subfield>
    <subfield code="a">BYARU</subfield>
    <subfield code="b">BYARU</subfield>
    <subfield code="d">2024-10-21</subfield>
    <subfield code="e">material adquirido por donaci&#xF3;n</subfield>
    <subfield code="f">DONA</subfield>
    <subfield code="g">135000.00</subfield>
    <subfield code="l">0</subfield>
    <subfield code="o">521 Z94</subfield>
    <subfield code="p">01098821</subfield>
    <subfield code="r">2026-02-28 08:46:15</subfield>
    <subfield code="w">2024-10-21</subfield>
    <subfield code="y">BOOK</subfield>
  </datafield>
  <datafield tag="952" ind1=" " ind2=" ">
    <subfield code="0">0</subfield>
    <subfield code="1">0</subfield>
    <subfield code="2">ddc</subfield>
    <subfield code="4">0</subfield>
    <subfield code="7">0</subfield>
    <subfield code="8">GENERAL</subfield>
    <subfield code="a">PTOBE</subfield>
    <subfield code="b">PTOBE</subfield>
    <subfield code="d">2024-10-21</subfield>
    <subfield code="e">material adquirido por donaci&#xF3;n</subfield>
    <subfield code="f">DONA</subfield>
    <subfield code="g">135000.00</subfield>
    <subfield code="l">1</subfield>
    <subfield code="o">521 Z94</subfield>
    <subfield code="p">01098822</subfield>
    <subfield code="r">2025-08-23 10:02:12</subfield>
    <subfield code="s">2025-05-21</subfield>
    <subfield code="w">2024-10-21</subfield>
    <subfield code="y">BOOK</subfield>
  </datafield>
</record>
